000 00645nam a2200217Ia 4500
003 GCL
008 140319s9999 xx 000 0 ara d
020 _a8565514977
040 _aGCL /
_cGCL
082 0 4 _aق
_b923.1
_bم ع
100 1 _aمحمد حسنين هيكل
245 1 0 _aعبدالناصر السجل بالصور /
_cمحمد حسنين هيكل
250 _aالثانية
260 _aالقاهرة :
_bمؤسسة الاهرام ،
_c1997
300 _aمتعدد ؛
_c30 سم
490 _a
650 0 4 _aمصر
650 0 4 _aرؤساء الجمهورية
650 0 4 _aجمال عبدالناصر
942 _2ddc
_cBK
999 _c39364
_d39364